MARC details
| 000 -LEADER |
| fixed length control field |
03030pam a2200541 i 4500 |
| 001 - CONTROL NUMBER |
| control field |
2024058757 |
| 003 - CONTROL NUMBER IDENTIFIER |
| control field |
DLC |
| 005 - DATE AND TIME OF LATEST TRANSACTION |
| control field |
20251110120443.0 |
| 007 - PHYSICAL DESCRIPTION FIXED FIELD--GENERAL INFORMATION |
| fixed length control field |
t| |
| 008 - FIXED-LENGTH DATA ELEMENTS--GENERAL INFORMATION |
| fixed length control field |
250507s2025 nyua b 000 1 eng |
| 010 ## - LIBRARY OF CONGRESS CONTROL NUMBER |
| LC control number |
2024058757 |
| 020 ## - INTERNATIONAL STANDARD BOOK NUMBER |
| International Standard Book Number |
9780593905982 |
| Qualifying information |
(hardback) |
| 020 ## - INTERNATIONAL STANDARD BOOK NUMBER |
| International Standard Book Number |
9780593905999 |
| Qualifying information |
(library binding) |
| 020 ## - INTERNATIONAL STANDARD BOOK NUMBER |
| Cancelled/invalid ISBN |
9780593906002 |
| Qualifying information |
(ebook) |
| 035 ## - SYSTEM CONTROL NUMBER |
| System control number |
(OCoLC)1500002642 |
| 040 ## - CATALOGING SOURCE |
| Original cataloging agency |
DLC |
| Language of cataloging |
eng |
| Description conventions |
rda |
| Transcribing agency |
DLC |
| Modifying agency |
DLC-MRC |
| -- |
TnLvILS |
| 042 ## - AUTHENTICATION CODE |
| Authentication code |
pcc |
| -- |
cyac |
| 050 00 - LIBRARY OF CONGRESS CALL NUMBER |
| Classification number |
PZ7.1.W427 |
| Item number |
Qu 2025 |
| 082 00 - DEWEY DECIMAL CLASSIFICATION NUMBER |
| Classification number |
[E] |
| Edition number |
23/eng/20250507 |
| 100 1# - MAIN ENTRY--PERSONAL NAME |
| Personal name |
Wedelich, Sam |
| Relator term |
author |
| -- |
illustrator |
| Relator code |
aut |
| -- |
ill |
| -- |
http://id.loc.gov/ vocabulary/relators/aut |
| -- |
http://id.loc.gov/vocabulary/relators/ ill |
| -- |
http://id.loc.gov/authorities/names/no2020012189 |
| -- |
http:// id.loc.gov/rwo/agents/no2020012189 |
| 9 (RLIN) |
6484012 |
| 245 12 - TITLE STATEMENT |
| Title |
A quick! trip to the store / |
| Statement of responsibility, etc |
words + pictures by Sam Wedelich. |
| 246 3# - VARYING FORM OF TITLE |
| Title proper/short title |
Trip to the store |
| 264 #1 - Production, Publication, Distribution, Manufacture, and Copyright Notice. |
| Place of production, publication, distribution, manufacture |
New York : |
| Name of producer, publisher, distributor, manufacturer |
Alfred A. Knopf, |
| Date of production, publication, distribution, manufacture, or copyr |
[2025] |
| 300 ## - PHYSICAL DESCRIPTION |
| Extent |
1 volume (unpaged) : |
| Other physical details |
color illustrations ; |
| Dimensions |
24 x 27 cm |
| 334 ## - |
| -- |
single unit |
| -- |
mono |
| -- |
http://id.loc.gov/vocabulary/issuance/mono |
| 336 ## - Content Type |
| Content type term |
text |
| -- |
http://id.loc.gov/vocabulary/contentTypes/ txt |
| 336 ## - Content Type |
| Content type term |
still image |
| -- |
http://id.loc.gov/vocabulary/ contentTypes/sti |
| 337 ## - Media type |
| Media type term |
unmediated |
| -- |
http://id.loc.gov/vocabulary/mediaTypes/n |
| 338 ## - Carrier type |
| Carrier type term |
volume |
| -- |
http://id.loc.gov/vocabulary/carriers/nc |
| 385 ## - |
| -- |
Age group |
| -- |
age |
| -- |
Children |
| -- |
http://id.loc.gov/authorities/ demographicTerms/dg2015060010 |
| 500 ## - GENERAL NOTE |
| General note |
"A Borzoi book"--Copyright page. |
| 521 ## - TARGET AUDIENCE NOTE |
| Target audience note |
Ages 3-7. |
| Source |
Alfred A. Knopf. |
| 521 ## - TARGET AUDIENCE NOTE |
| Target audience note |
Grades K-1. |
| Source |
Alfred A. Knopf. |
| 520 ## - SUMMARY, ETC. |
| Summary, etc |
When her family runs out of bananas, a young girl goes on a quick trip to the grocery store, and while Mom's distracted, the boring banana run turns into a wild adventure through the aisles. |
| 650 #0 - SUBJECT ADDED ENTRY--TOPICAL TERM |
| Topical term or geographic name as entry element |
Grocery shopping |
| Form subdivision |
Juvenile fiction. |
| 9 (RLIN) |
6555472 |
| 650 #0 - SUBJECT ADDED ENTRY--TOPICAL TERM |
| Topical term or geographic name as entry element |
Mothers and daughters |
| Form subdivision |
Juvenile fiction. |
| 9 (RLIN) |
5675897 |
| 650 #0 - SUBJECT ADDED ENTRY--TOPICAL TERM |
| Topical term or geographic name as entry element |
Bananas |
| Form subdivision |
Juvenile fiction. |
| 9 (RLIN) |
5690362 |
| 650 #1 - SUBJECT ADDED ENTRY--TOPICAL TERM |
| Topical term or geographic name as entry element |
Grocery shopping |
| Form subdivision |
Fiction. |
| 9 (RLIN) |
6523760 |
| 650 #1 - SUBJECT ADDED ENTRY--TOPICAL TERM |
| Topical term or geographic name as entry element |
Mothers and daughters |
| Form subdivision |
Fiction. |
| 9 (RLIN) |
5673712 |
| 650 #1 - SUBJECT ADDED ENTRY--TOPICAL TERM |
| Topical term or geographic name as entry element |
Bananas |
| Form subdivision |
Fiction. |
| 9 (RLIN) |
5690363 |
| 650 #1 - SUBJECT ADDED ENTRY--TOPICAL TERM |
| Topical term or geographic name as entry element |
Humorous stories |
| -- |
http://id.loc.gov/authorities/childrensSubjects/ sj2021050334 |
| 655 #7 - INDEX TERM--GENRE/FORM |
| Genre/form data or focus term |
Humorous fiction |
| Source of term |
lcgft |
| -- |
http://id.loc.gov/authorities/genreForms/ gf2014026377 |
| 655 #7 - INDEX TERM--GENRE/FORM |
| Genre/form data or focus term |
Picture books |
| Source of term |
lcgft |
| -- |
http://id.loc.gov/authorities/genreForms/ gf2016026096 |
| 758 ## - |
| -- |
http://id.loc.gov/resources/instances/24189957 |
| 758 ## - |
| -- |
http://id.loc.gov/ontologies/bibframe/instanceOf |
| -- |
http:// id.loc.gov/resources/works/24189957 |
| 776 1# - ADDITIONAL PHYSICAL FORM ENTRY |
| Display text |
Online version |
| -- |
http://id.loc.gov/entities/relationships/ onlineversion |
| Main entry heading |
Wedelich, Sam |
| Title |
Quick trip to the store. |
| Edition |
First edition |
| Place, publisher, and date of publication |
New York : Alfred A. Knopf, [2025] |
| International Standard Book Number |
9780593906002 |
| Record control number |
(DLC) 2024058758 |
| 884 ## - |
| -- |
DLC bibframe2marc v2.10-dev |
| -- |
20250507 |
| -- |
DLC |
| -- |
https://github.com/ lcnetdev/bibframe2marc/releases/tag/v2.10-dev |